00961nam a2200229 a 4500008004100000020002200041245012800063260005000191300002600241500022900267504004100496500002000537600002200557650002500579650002600604650002200630700003000652700002200682003000100704005001700705040000900722  a0814734650 (pbk.)00aInteractions in the world economy :bperspectives from international economic history /cedited by Carl-Ludwig Holtfrerich. aNew York :bNew York University Press,c1989. axvi, 376 p. ;c23 cm. a"Festschrift in honour of Wolfram Fischer, results of a symposium at Berlin on 6-7 May 1988 organised [sic] by Hartmut Kaelbe, Heinrich Volkmann, and Carl-Ludwig Holtfrerich on the occasion of his sixtieth birthday"--P. [v]. aIncludes bibliographical references. aIncludes index.10aFischer, Wolfram. 0aInternational trade. 0aEconomic development. 0aEconomic history.1 aHoltfrerich, Carl-Ludwig.1 aFischer, Wolfram.20230123133346.0 cNUST